000 00467nam a22001811a 4500
001 3754
003 OSt
005 20260204211903.0
008 050207s(19?||||cr ||||||b||||||||||spa||
050 _a615.32 S71h
082 _a615.32 S71h
100 _aSosa Gómez, Reinaldo
245 _aHerbología médica / Reinaldo Sosa
264 _aCosta Rica: Impresos Jiménez
300 _a116 p
650 _a1.Medicamento Vegetales 2.Medicina NaturalÌ
942 _2ddc
_cBK
999 _c3754
_d3754